UBT Library

Air transportation, a management perspective / (Record no. 47192)

000 -LEADER
fixed length control field 00572cam a2200217 a 4500
001 - CONTROL NUMBER
control field 4732071
005 - DATE AND TIME OF LATEST TRANSACTION
control field 20180815081810.0
008 - FIXED-LENGTH DATA ELEMENTS--GENERAL INFORMATION
fixed length control field 840418s1984 caua b 001 0 eng
010 ## - LIBRARY OF CONGRESS CONTROL NUMBER
LC control number 84007482
020 ## - INTERNATIONAL STANDARD BOOK NUMBER
International Standard Book Number 0534033970
040 ## - CATALOGING SOURCE
Original cataloging agency DLC
Transcribing agency DLC
Modifying agency DLC
041 ## - LANGUAGE CODE
Language code of text/sound track or separate title eng
080 ## - UNIVERSAL DECIMAL CLASSIFICATION NUMBER
Universal Decimal Classification number 387.7068
082 00 - DEWEY DECIMAL CLASSIFICATION NUMBER
Classification number 387.7068
Edition number 19
100 1# - Rafti
Rafti 60
101 ## - Shkurtesa
Shkurtesa MAN
245 10 - TITLE STATEMENT
Title Air transportation, a management perspective /
Statement of responsibility, etc Alexander T. Wells.
504 ## - BIBLIOGRAPHY, ETC. NOTE
Bibliography, etc Includes bibliographies and index.
906 ## - LOCAL DATA ELEMENT F, LDF (RLIN)
a 7
b cbc
c orignew
d 1
e ocip
f 19
g y-gencatlg
942 ## - ADDED ENTRY ELEMENTS (KOHA)
Source of classification or shelving scheme
Item type Books
Holdings
Withdrawn status Lost status Source of classification or shelving scheme Damaged status Not for loan Collection code Permanent location Current location Shelving location Date acquired Total Checkouts Full call number Barcode Date last seen Price effective from Koha item type
          Koleksioni i përgjithshem UBT - Lipjan UBT - Lipjan Koleksioni i përgjithshem 08/15/2018   387.7068 WEL 002-3011387 08/15/2018 08/15/2018 Books
UBT Library © 2015-2024. All rights reserved University Education for Business and Technology